Carregando...
School library /
| Idioma: | Undetermined |
|---|---|
| Publicado em: |
1962.
|
| coleção: | Great Britain,EducationMinistry of-,Pamphlet;21
|
| Assuntos: |
| LEADER | 00453nam a2200145Ia 4500 | ||
|---|---|---|---|
| 001 | 10231 | ||
| 008 | 170722s9999 xx 000 0 und d | ||
| 245 | |a School library / | ||
| 260 | |c 1962. | ||
| 490 | |a Great Britain,EducationMinistry of-,Pamphlet;21 | ||
| 653 | |a Library Science | ||
| 653 | |a School Library | ||
| 942 | |c GEN | ||
| 999 | |c 67380 |d 67380 | ||
| 952 | |0 0 |1 0 |4 0 |6 232_000000000000000_J2 |7 0 |9 95465 |a LIB |b LIB |d 2013-03-25 |o 232 J2 |p 109256 |r 2017-08-12 |w 2017-08-12 |y GEN | ||